00566nam a2200193Ia 450000500170000000800410001702000130005804000190007104100120009008200210010210000150012324500450013826000490018330000150023250400500024765000190029765100460031685000100036220221205133023.0131103s9999 xx 000 0 und d a52129968 aLoreto College aEnglish a821.91bELI- MOO aMoody,A.D. aThomas Slearns Eliotb poet cA.D.Moody  aCambridge bCambridge University Pressc1980 axv,381 p.  aIncludes bibliographical references and index aEnglish Poetry aEliot,T.S. - Criticism and interpretation aLCLIB